000 00531nam a2200181Ia 4500
003 GCL
008 140319s9999 xx 000 0 ara d
040 _aGCL /
_cGCL
082 0 4 _a214.27
_bش ا
100 1 _aشريف محمد هاشم
245 1 0 _aالاسلام والمسيحية فى الميزان /
_cشريف محمد هاشم
260 _a[S.N] :
_bمؤسسة الوفاء ،
_c1988
300 _a711 ص
490 _a
650 0 4 _aالاسلام
650 0 4 _aالاسلام والمسيحية
942 _2ddc
_cBK
999 _c54013
_d54013